Statistics for 4-Letter Word Scramble

Click here to take the quiz!

General Stats

  • This quiz has been taken 59 times
  • The average score is 24 of 25

Answer Stats

LettersHintAnswer% Correct
LBUEColorBlue
100%
KOBORead ItBook
100%
DREEAnimalDeer
100%
JIFICountryFiji
100%
SHIFAnimalFish
100%
RODFCar BrandFord
100%
DEHABody PartHead
100%
IWKIFruitKiwi
100%
EVLOEmotionLove
100%
EWMOCat SoundMeow
100%
LIKMDrinkMilk
100%
KIPNColorPink
100%
UMPLFruitPlum
100%
UIQZThis, For ExampleQuiz
100%
WOSNCold, White BlanketSnow
100%
BUTAInstrumentTuba
100%
UHATStateUtah
100%
STETNot A Quiz, But SimilarTest
98%
RODASpanish Nickelodeon CharacterDora
93%
NLIAToolNail
93%
SRUOFlavorSour
91%
UDIACar BrandAudi
89%
LEMORed Sesame Street CharacterElmo
87%
DPAIApple ProductiPad
87%
MLIABeanLima
83%

Score Distribution

Percentile by Number Answered

Percent of People with Each Score

Your Score History

You have not taken this quiz